Sports Quiz

Random Sports Quiz

600 Doubles Club Quiz Stats

 Plays Quiz not verified by Sporcle

Score 0/16 Timer 06:00
0 Plays Today
Teams Player % Correct
Minnesota, Boston-ALDavid Ortiz
100%
Kansas CityGeorge Brett
96.6%
HoustonCraig Biggio
96.1%
Pittsburgh, SFBarry Bonds
94.4%
Milw.-NL, Atlanta, Milw.-ALHank Aaron
93.8%
BaltimoreCal Ripken
93.3%
St. Louis-NLStan Musial
93.3%
Boston-ALCarl Yastrzemski
88.8%
Teams Player % Correct
Detroit, Phila.-ALTy Cobb
88.8%
Cinc., Phila.-NL, Mont.Pete Rose
85.4%
Louisville-NL, PittsburghHonus Wagner
85.4%
Milw.-AL, Toronto, Minn.Paul Molitor
82%
Bos.-AL, Cleve., Wash-AL, Phila.-ALTris Speaker
73.6%
St. Louis-NL, Anaheim (still playing)Albert Pujols
66.7%
Phila-NL, Cleve., Phila-ALNap Lajoie
51.7%
Pitts., Brooklyn, Bos.-NL, NY-ALPaul Waner
44.9%

You're not logged in!

Compare scores with friends on all Sporcle quizzes.
OR
Log In

Show Comments

Extras

Created Oct 25, 2010ReportNominate
Tags:600, career, club, double, player, team

Top Quizzes Today


Score Distribution

Your Account Isn't Verified!

In order to create a playlist on Sporcle, you need to verify the email address you used during registration. Go to your Sporcle Settings to finish the process.

Report this User

Report this user for behavior that violates our Community Guidelines.

Details: